| 000 -LEADER |
| fixed length control field |
02900cam a22004458i 4500 |
| 001 - CONTROL NUMBER |
| control field |
21716964 |
| 003 - CONTROL NUMBER IDENTIFIER |
| control field |
NUST |
| 005 - DATE AND TIME OF LATEST TRANSACTION |
| control field |
20221019153824.0 |
| 008 - FIXED-LENGTH DATA ELEMENTS--GENERAL INFORMATION |
| fixed length control field |
200914s2021 nyu b 001 0 eng |
| 010 ## - LIBRARY OF CONGRESS CONTROL NUMBER |
| LC control number |
2020040651 |
| 020 ## - INTERNATIONAL STANDARD BOOK NUMBER |
| International Standard Book Number |
9781541724709 |
| Qualifying information |
(hardcover) |
| 020 ## - INTERNATIONAL STANDARD BOOK NUMBER |
| Canceled/invalid ISBN |
9781541724693 |
| Qualifying information |
(ebook) |
| 038 ## - RECORD CONTENT LICENSOR |
| Staff Name |
Azhar |
| 040 ## - CATALOGING SOURCE |
| Original cataloging agency |
DLC |
| Language of cataloging |
eng |
| Description conventions |
rda |
| Transcribing agency |
DLC |
| Modifying agency |
DLC |
| 042 ## - AUTHENTICATION CODE |
| Authentication code |
pcc |
| 050 00 - LIBRARY OF CONGRESS CALL NUMBER |
| Classification number |
QB461.5 |
| Item number |
.P735 2021 |
| 082 00 - DEWEY DECIMAL CLASSIFICATION NUMBER |
| Classification number |
523.01 |
| Edition number |
23 |
| Author Mark |
PRE |
| 100 1# - MAIN ENTRY--PERSONAL NAME |
| Personal name |
Prescod-Weinstein, Chanda, |
| Relator term |
author. |
| 9 (RLIN) |
100882 |
| 245 14 - TITLE STATEMENT |
| Title |
The disordered cosmos : |
| Remainder of title |
a journey into dark matter, spacetime, and dreams deferred |
| Statement of responsibility, etc. |
Chanda Prescod-Weinstein. |
| 250 ## - EDITION STATEMENT |
| Edition statement |
First edition. |
| 260 ## - PUBLICATION, DISTRIBUTION, ETC. |
| Place of publication, distribution, etc. |
New York : |
| Name of publisher, distributor, etc. |
Bold Type Books, |
| Date of publication, distribution, etc. |
2021. |
| 263 ## - PROJECTED PUBLICATION DATE |
| Projected publication date |
1111 |
| 300 ## - PHYSICAL DESCRIPTION |
| Extent |
318p |
| 336 ## - CONTENT TYPE |
| Content type term |
text |
| Content type code |
txt |
| Source |
rdacontent |
| 337 ## - MEDIA TYPE |
| Media type term |
unmediated |
| Media type code |
n |
| Source |
rdamedia |
| 338 ## - CARRIER TYPE |
| Carrier type term |
volume |
| Carrier type code |
nc |
| Source |
rdacarrier |
| 504 ## - BIBLIOGRAPHY, ETC. NOTE |
| Bibliography, etc. note |
Includes bibliographical references and index. |
| 520 ## - SUMMARY, ETC. |
| Summary, etc. |
"Dr. Chanda Prescod-Weinstein is one of the leading physicists of her generation, at work on the origins of spacetime at the intersection of particle physics and astrophysics. She is also one of the fewer than one hundred Black women to earn a PhD in physics. In The Disordered Cosmos, Prescod-Weinstein shares with readers her love for physics, from the Standard Model of Particle Physics and what lies beyond it, to the physics of melanin in skin, to the latest theories of dark matter - all with a new spin and rhythm informed by pop culture, hip hop, politics, and Star Trek. Prescod-Weinstein's vision of the cosmos is vibrant, inclusive and buoyantly non-traditional. As she makes clear, what we know about the universe won't be complete until we learn to think beyond the limitations of white-dominated science. Science, like most fields, is set up for men to succeed, and is rife with racism, sexism, and shortsightedness as a result. But as Prescod-Weinstein makes brilliantly clear, we all have a right to know the night sky. By welcoming the insights of those who have been left out for too long, we expand our understanding of the universe and our place in it. The Disordered Cosmos is a vision for a world without prejudice that allows everyone to view the wonders of the universe through the same starry eyes"-- |
| Assigning source |
Provided by publisher. |
| 563 ## - BINDING INFORMATION |
| Binding note |
HB |
| 650 #0 - SUBJECT ADDED ENTRY--TOPICAL TERM |
| Topical term or geographic name entry element |
Astrophysics. |
| 9 (RLIN) |
39569 |
| 650 #0 - SUBJECT ADDED ENTRY--TOPICAL TERM |
| Topical term or geographic name entry element |
Particles (Nuclear physics) |
| 650 #0 - SUBJECT ADDED ENTRY--TOPICAL TERM |
| Topical term or geographic name entry element |
Cosmology. |
| 650 #0 - SUBJECT ADDED ENTRY--TOPICAL TERM |
| Topical term or geographic name entry element |
African Americans |
| General subdivision |
Study and teaching. |
| 9 (RLIN) |
100883 |
| 650 #0 - SUBJECT ADDED ENTRY--TOPICAL TERM |
| Topical term or geographic name entry element |
Feminism. |
| 9 (RLIN) |
94688 |
| 650 #0 - SUBJECT ADDED ENTRY--TOPICAL TERM |
| Topical term or geographic name entry element |
Feminist theory. |
| 9 (RLIN) |
100884 |
| 655 #7 - INDEX TERM--GENRE/FORM |
| Genre/form data or focus term |
Essays. |
| Source of term |
lcgft |
| 9 (RLIN) |
100885 |
| 906 ## - LOCAL DATA ELEMENT F, LDF (RLIN) |
| a |
0 |
| b |
vip |
| c |
orignew |
| d |
1 |
| e |
ecip |
| f |
20 |
| g |
y-gencatlg |
| 942 ## - ADDED ENTRY ELEMENTS (KOHA) |
| Source of classification or shelving scheme |
|
| Koha item type |
Lincoln Corner |